| 000 | 00930nam a2200265 i 4500 | ||
|---|---|---|---|
| 001 | 016420934 | ||
| 003 | OSt | ||
| 005 | 20141130141744.0 | ||
| 008 | 130708t2013 xxka frb f001 0 eng d | ||
| 020 | _a9780857111043 (pbk.) | ||
| 020 | _a0857111043 (pbk.) | ||
| 040 |
_aStDuBDS _cStDuBDS _dUk _dEG-ScBUE |
||
| 082 | 0 | 0 |
_a615.1 _222 _bINT |
| 245 | 0 | 0 |
_aRemington : _ban introduction to pharmacy / _cedited by Loyd V. Allen, Jr. |
| 260 |
_aLondon : _bUniversity of Sciences, Philadelphia College of Pharmacy, _bPharmaceutical Press, _cc.2013. |
||
| 300 |
_axxviii, 635 p. : _bill. (col.) ; _c25 cm. |
||
| 500 | _aIndex : p. 599-635. | ||
| 504 | _aIncludes bibliographical references. | ||
| 650 | 0 |
_aPharmacy _vTextbooks _936707 |
|
| 653 |
_bPPhrm _cNovember2014 |
||
| 655 |
_vreading book _934232 |
||
| 700 | 1 |
_aAllen, Loyd V., _cJr. _936086 _eeditor. |
|
| 710 | 2 |
_aPhiladelphia College of Pharmacy _936709 |
|
| 942 |
_2ddc _k615.1 INT |
||
| 999 |
_c18688 _d18660 |
||